000 01020nam a22003377a 4500
001 BR7803779
003 BR-BrBNA
005 20230928085623.0
007 ta
008 230509b bl.||||| |||| 00| 0 por d
040 _aBR-BrBNA
_bpor
_cBiblioteca Nacional de Agricultura
041 _a(Por)
072 _aP12; E15
090 _ P12 BR7803779
100 1 _aCosta, J.M.
111 1 _a4. Congresso Nacional de Irrigacao e Drenagem
_cSalvador, BA (Brazil)
_d11 Sep 1978
245 1 _aCredito rural para projetos de irrigacao - um instrumento carente de aperfeicoamentos [Politica economica; Custo operacional; Vale; Nordeste; Brasil]
260 3 _aSalvador, BA (Brasil):
_c1978.
300 _a32 p.
500 _aSummary (Por)
650 _aIrrigacao
650 _aMicroeconomia
650 _aCredito rural
650 _aCusto operacional
650 _aInvestimento
650 _aPolitica economica
650 _aVale
650 _aNordeste
909 _a202309
_bLucia
_c55
_dLucia Elande
942 _cBK
999 _c25425
_d25425